Matrología
Gespeichert in:
| 1. Verfasser: | |
|---|---|
| Format: | Buch |
| Sprache: | Spanisch |
| Veröffentlicht: |
Burgos
Monte Carmelo
2003
|
| Ausgabe: | 1a. ed |
| Schlagworte: | |
| Tags: |
Tag hinzufügen
Keine Tags, Fügen Sie den ersten Tag hinzu!
|
MARC
| LEADER | 00000cam a2200000 a 4500 | ||
|---|---|---|---|
| 001 | UCC5363 | ||
| 003 | CL-VaPUC | ||
| 008 | 181005e20030000sp |||||||||||||||||spa|d | ||
| 020 | |a 9788472397705t.1 | ||
| 020 | |a 9788472397880t.2 | ||
| 020 | |a 9788472397777t.3 | ||
| 082 | 0 | 4 | |a 200.82 |b CAR |2 21 |
| 100 | 0 | |a Carrasquer Pedrós, María Sira |e author |9 599700 | |
| 245 | 1 | 0 | |a Matrología |
| 250 | |a 1a. ed | ||
| 300 | |a 3 t | ||
| 942 | |c BK | ||
| 945 | |d 20181005 11:02:00 |a dcastane | ||
| 260 | |a Burgos |b Monte Carmelo |c 2003 | ||
| 500 | |a t.1: Madres Orientales: Antropología. Prehistoria. Historia | ||
| 500 | |a t.2: Primeras madres occidentales. Siglos I-VII. Génesis. Historia socio-cultural. Espiritualidad | ||
| 500 | |a t.3: Madres mozárabes. Antropología cultural. Historia espiritualidad | ||
| 650 | 0 | |a Mujeres y religión |9 319387 | |
| 650 | 0 | |a Santas |9 502754 | |
| 650 | 0 | |a Religiosas |9 438133 | |
| 583 | |a last modification |c 20181005 11:02:00 |k Rodrigo Vera | ||
| 999 | |c 372616 |d 372614 | ||
| 952 | |0 0 |1 0 |3 erb |4 0 |6 200_820000000000000_CAR_2003 |7 0 |8 A |9 490307 |a BIBTEO |b BIBTEO |h t.1 |i 5504848 |o 200.82 CAR 2003 |p 5504848 |r 2025-01-17 |w 2019-11-24 |y BK |z Catalogado en:20181005 |k ICR | ||
| 952 | |0 0 |1 0 |3 erb |4 0 |6 200_820000000000000_CAR_2003 |7 0 |8 A |9 490308 |a BIBTEO |b BIBTEO |h t.2 |i 5504864 |o 200.82 CAR 2003 |p 5504864 |r 2025-01-17 |w 2019-11-24 |y BK |z Catalogado en:20181005 |k ICR | ||
| 952 | |0 0 |1 0 |3 erb |4 0 |6 200_820000000000000_CAR_2003 |7 0 |8 A |9 490309 |a BIBTEO |b BIBTEO |h t.3 |i 5504856 |o 200.82 CAR 2003 |p 5504856 |r 2025-01-17 |w 2019-11-24 |y BK |z Catalogado en:20181005 |k ICR | ||